Remakes des Classiques d'animation Disney - Mort subite - Statistiques

Statistiques générales
  • Ce quiz a été pris 242 fois
    67 depuis la dernière actualisation
  • Le résultat moyen est 7 sur 17
Answers on the Grid
Answers color-coded by a green-red scale on the quiz's grid according to % correct below.
Blanche-Neige et les Sept Nains
Pinocchio
Dumbo
Bambi
La Boîte à musique
Le Crapaud et le Maître d'école
Cendrillon
Alice au pays des merveilles
Peter Pan
La Belle et le Clochard
La Belle au bois dormant
Les 101 Dalmatiens
Merlin l'Enchanteur
Le Livre de la jungle
Les Aristochats
Robin des Bois
Les Aventures de Winnie l'ourson / Winnie l'ourson
Les Aventures de Bernard et Bianca / Bernard et Bianca au pays des kangourous
Rox et Rouky
Taram et le Chaudron magique
Basil, détective privé
Oliver et Compagnie
La Petite Sirène
La Belle et la Bête
Aladdin
Le Roi lion
Pocahontas : Une légende indienne
Le Bossu de Notre-Dame
Hercule
Mulan
Tarzan
Kuzco, l'empereur mégalo
Atlantide, l'empire perdu
Lilo et Stitch
La Planète au trésor : Un nouvel univers
Frère des ours
La ferme se rebelle
Chicken Little
Bienvenue chez les Robinson
Volt, star malgré lui
La Princesse et la Grenouille
Raiponce
Les Mondes de Ralph / Ralph 2.0
La Reine des neiges / La Reine des neiges 2
Les Nouveaux Héros
Zootopie / Zootopie 2
Vaiana : La Légende du bout du monde / Vaiana 2
Raya et le Dernier Dragon
Encanto : La Fantastique Famille Madrigal
Avalonia : L'Étrange Voyage
Wish : Asha et la Bonne Étoile
 
Statistiques - réponses
Réponse % Correct
Aladdin
55%
Blanche-Neige et les Sept Nains
52%
Dumbo
52%
La Petite Sirène
52%
Le Roi lion
52%
Les 101 Dalmatiens
52%
Cendrillon
48%
La Belle et la Bête
48%
Le Livre de la jungle
48%
Lilo et Stitch
48%
Mulan
48%
Alice au pays des merveilles
39%
Peter Pan
36%
Pinocchio
36%
La Belle au bois dormant
33%
La Belle et le Clochard
30%
Les Aventures de Winnie l'ourson / Winnie l'ourson
12%
Aucun quiz correspondant
Distribution des résultats
% des personnes avec chaque résultat
Percentile par nombre de réponses
Votre historique - résultats
Vous n’avez pas pris ce quiz depuis la dernière actualisation